| 000 | 00461cam a2200193 4500 | ||
|---|---|---|---|
| 001 | D5324 | ||
| 008 | 090401t1980 xxu||||| |||| 00| 0 eng d | ||
| 035 | _a(Sirsi) u44526 | ||
| 041 | _aeng | ||
| 050 | _a658.990973 | ||
| 100 | _aHalpin, Daniel W | ||
| 245 | _aConstruction management | ||
| 260 |
_aNew York _bJohn Wiley and Sons _c1980 |
||
| 300 | _axi. 483p. 23cm | ||
| 350 | _a13.2 | ||
| 700 | _aWoodhead, Ronald W | ||
| 942 | _n0 | ||
| 948 | _c04/03/1997 | ||
| 999 |
_c91555 _d91555 |
||